Personnages de Gossip Girl, Mort subite - Statistiques

Statistiques générales
  • Ce quiz a été pris 143 fois
  • Le résultat moyen est 9 sur 16
Answers on the Grid
Answers color-coded by a green-red scale on the quiz's grid according to % correct below.
Charles Baizen
Jenny Humphrey
Raina Thorpe
Bart Bass
Dean Scott
Blair Waldorf
Ben Donovan
Lara Covey
Louis Bass
Maria Rothes
Eric Van der Woodsen
Chuck Bass
Anne Grimaldi
Isabel Coates
Marc Stephen
Elizabeth Fischer
Beatrice Grimaldi
Nolan Evans
Nate Archibald
Serena Van Der Woodsen
Christopher Baker
Chloe Carter
Dan Humphrey
Juliet Sharp
Daniel Buckley
Olivia Burke
Anna Humphrey
Blakely Smith
Charlie Galls
Sage Spence
 
Statistiques - réponses
Réponse % Correct
Bart Bass
91%
Blair Waldorf
91%
Jenny Humphrey
90%
Eric Van der Woodsen
77%
Chuck Bass
74%
Nate Archibald
63%
Serena Van Der Woodsen
61%
Dan Humphrey
60%
Raina Thorpe
51%
Ben Donovan
48%
Juliet Sharp
40%
Elizabeth Fischer
29%
Beatrice Grimaldi
27%
Olivia Burke
26%
Sage Spence
16%
Isabel Coates
7%
Aucun quiz correspondant
Distribution des résultats
% des personnes avec chaque résultat
Percentile par nombre de réponses
Votre historique - résultats
Vous n’avez pas pris ce quiz